000 00331nam a2200133Ia 4500
008 260604s9999 xx 000 0 und d
020 _a9789819754076
082 _a174.4 CRU
100 _aFRANCIS
_935153
245 0 _aBUSINESS ETHICS AN INSTI.GOVERN.APPROACH TO ETHICA
260 _bPAL
500 _aBusiness Ethics
942 _cBK
999 _c7913
_d7913